000 00455nam a22001337a 4500
082 _a363.1251
_bNAT
_cD
100 _aBurggaraf, Fred.,
_938081
245 _aStatistical analysis of highway accidents
_cFred Burggraf, Elmer M. Ward, Walter J. Miller.
260 _aWashington
_bNational Academy of Science - National Research Council
_c1956
300 _aiii, 31 p.:
526 _a0
_b0
_c0
_d363_125100000000000_NAT
650 _aMCE
_9379
942 _2ddc
_cBK
999 _c542757
_d542757